000 00378nam a2200145 4500
001 117049
003 ES-MaACL
007 t|
008 070228s1906 fr r ||||1| fre d
100 1 _aPayot, Jules.
_989737
245 1 2 _aL'education de la volonte /
_cpar Jules Payot.
260 _aParis :
_bAlcan,
_c1906.
300 _aXII, 274 p. ;
_c22 cm.
852 _aES-MaACL
_jB-7014
999 _c117049
_d117049